[Event "Dortmund Sparkassen op-B"]
[Site "Dortmund"]
[Date "2014.07.20"]
[Round "9"]
[White "Raskin, Vitaly"]
[Black "Milonas, Georgios"]
[Result "0-1"]
[WhiteElo "1597"]
[BlackElo "1679"]
[PlyCount "84"]
[EventDate "2014.07.12"]
[EventType "swiss"]
[EventRounds "9"]
[EventCountry "GER"]
[SourceTitle "EXT 2022"]
[Source "ChessBase"]
[SourceDate "2021.10.06"]
[SourceVersion "1"]
[SourceVersionDate "2021.10.06"]
[SourceQuality "1"]

1. d4 d5 2. c4 e6 3. Nc3 Nf6 4. Nf3 Be7 5. e3 Nbd7 6. Qb3 c6 7. Bd3 b6 8. cxd5 cxd5 9. 0-0 0-0 10. Ne5 Bb7 11. a4 Nxe5 12. dxe5 Nd7 13. f4 Nc5 14. Qd1 d4 15. Nb5 a6 16. Nd6 Bxd6 17. exd6 Nxd3 18. Qxd3 Qxd6 19. exd4 a5 20. Rf2 Rfd8 21. Be3 Ba6 22. Qe4 Rac8 23. h3 Rc4 24. Rc2 f5 25. Qd3 Rxa4 26. Qd1 Rxa1 27. Qxa1 Qd5 28. Qc1 Bb7 29. Qd2 Rc8 30. Rxc8+ Bxc8 31. Qc2 Bb7 32. Qf2 b5 33. Bd2 b4 34. Kh2 b3 35. Bc3 h6 36. Kg3 a4 37. Qe2 Kh7 38. Qd2 Qe4 39. Qf2 Qd3+ 40. Kh2 a3 41. Qe1 a2 42. d5 Qxd5 0-1

[Event "Dortmund Sparkassen op-B"]
[Site "Dortmund"]
[Date "2013.08.02"]
[Round "7"]
[White "Schmitz, Julian"]
[Black "Milonas, Georgios"]
[Result "1-0"]
[WhiteElo "1706"]
[BlackElo "1679"]
[PlyCount "71"]
[EventDate "2013.07.27"]
[EventType "swiss"]
[EventRounds "9"]
[EventCountry "GER"]
[SourceTitle "EXT 2022"]
[Source "ChessBase"]
[SourceDate "2021.10.06"]
[SourceVersion "1"]
[SourceVersionDate "2021.10.06"]
[SourceQuality "1"]

1. e4 c5 2. d4 cxd4 3. c3 dxc3 4. Nxc3 Nc6 5. Nf3 d6 6. Bc4 e6 7. Bf4 a6 8. 0-0 Na5 9. Be2 Be7 10. Qc2 e5 11. Nd5 Nc6 12. Be3 Nf6 13. Bb6 Qd7 14. Nc7+ Kf8 15. Nxa8 Qg4 16. Nxe5 Qg5 17. Nf3 Qg6 18. Nh4 Qh6 19. Nf5 Qf4 20. g3 Qe5 21. f4 Qe6 22. Nc7 Qd7 23. Rfd1 g6 24. Ne3 Qh3 25. Ned5 Nxd5 26. Nxd5 h5 27. Qc3 Rh7 28. Rac1 h4 29. g4 Bxg4 30. Qxh3 Bxh3 31. Rd3 Be6 32. b3 g5 33. Nxe7 Kxe7 34. f5 Bd7 35. Rcd1 Rh6 36. Bc7 1-0

[Event "Dortmund Sparkassen op-B"]
[Site "Dortmund"]
[Date "2013.07.28"]
[Round "2"]
[White "Milonas, Georgios"]
[Black "Puetter, Pascal"]
[Result "1/2-1/2"]
[WhiteElo "1679"]
[BlackElo "1934"]
[PlyCount "63"]
[EventDate "2013.07.27"]
[EventType "swiss"]
[EventRounds "9"]
[EventCountry "GER"]
[SourceTitle "EXT 2022"]
[Source "ChessBase"]
[SourceDate "2021.10.06"]
[SourceVersion "1"]
[SourceVersionDate "2021.10.06"]
[SourceQuality "1"]

1. e4 e6 2. d4 d5 3. Nd2 Nf6 4. e5 Nfd7 5. Bd3 c5 6. c3 Nc6 7. Ne2 cxd4 8. cxd4 f6 9. exf6 Nxf6 10. Nf3 Bd6 11. 0-0 Qc7 12. Bg5 0-0 13. Ng3 Bd7 14. Rc1 Rac8 15. a3 a5 16. Re1 Ng4 17. Be3 Nxe3 18. Rxe3 Bf4 19. Qc2 Bxe3 20. fxe3 Qd8 21. Bxh7+ Kh8 22. Qb1 Qf6 23. Bd3 Qh6 24. Re1 Rf6 25. Bb5 Nb8 26. Bd3 Nc6 27. Bb5 Nb8 28. Bd3 Be8 29. Ne5 Qg5 30. Nf3 Qh6 31. Ne5 Qg5 32. Nf3 1/2-1/2

[Event "Dortmund Sparkassen op-B"]
[Site "Dortmund"]
[Date "2013.07.27"]
[Round "1"]
[White "Klees, Robert"]
[Black "Milonas, Georgios"]
[Result "0-1"]
[WhiteElo "1250"]
[BlackElo "1679"]
[PlyCount "82"]
[EventDate "2013.07.27"]
[EventType "swiss"]
[EventRounds "9"]
[EventCountry "GER"]
[SourceTitle "EXT 2022"]
[Source "ChessBase"]
[SourceDate "2021.10.06"]
[SourceVersion "1"]
[SourceVersionDate "2021.10.06"]
[SourceQuality "1"]

1. d4 d5 2. c4 e6 3. Nc3 Nf6 4. cxd5 exd5 5. Bg5 Be7 6. Qc2 c6 7. e3 h6 8. Bh4 Nbd7 9. Bd3 b6 10. Nge2 Bb7 11. 0-0 0-0 12. Rab1 c5 13. Bg3 a6 14. f3 Rc8 15. Nf4 b5 16. Bf5 cxd4 17. exd4 b4 18. Qb3 Qb6 19. Ncxd5 Nxd5 20. Nxd5 Qxd4+ 21. Bf2 Qxd5 22. Qxd5 Bxd5 23. Rfd1 Bxa2 24. Ra1 b3 25. Rxd7 Bf6 26. Rd2 Rcd8 27. Bd7 Bxb2 28. Rxb2 Rxd7 29. Be3 Rfd8 30. Kf2 Rd1 31. Rxd1 Rxd1 32. Ke2 Rd8 33. Bd2 Rd5 34. Bc3 a5 35. Rd2 Rc5 36. Kd3 a4 37. Bb2 Rc8 38. Ke2 Ra8 39. Ba3 f6 40. Rd7 Rc8 41. Kd2 Rc2+ 0-1

[Event "Dortmund Sparkassen op-B"]
[Site "Dortmund"]
[Date "2011.07.30"]
[Round "8"]
[White "Zolfagharian, Kevin"]
[Black "Milonas, Georgios"]
[Result "1-0"]
[WhiteElo "1721"]
[BlackElo "1679"]
[PlyCount "75"]
[EventDate "2011.07.23"]
[EventType "swiss"]
[EventRounds "9"]
[EventCountry "GER"]
[SourceTitle "EXT 2013"]
[Source "ChessBase"]
[SourceDate "2012.11.22"]
[SourceVersion "1"]
[SourceVersionDate "2012.11.22"]
[SourceQuality "1"]

1. e4 d5 2. exd5 Qxd5 3. Nc3 Qa5 4. d4 Nf6 5. Nf3 c6 6. Bc4 Bf5 7. Bd2 e6 8. Nd5 Qd8 9. Nxf6+ Qxf6 10. Qe2 Bd6 11. d5 cxd5 12. Bc3 Qe7 13. Bb5+ Nc6 14. Bxg7 Rg8 15. Nd4 Kd7 16. Bxc6+ bxc6 17. Qa6 Rac8 18. Bh6 Bc5 19. 0-0-0 Bxd4 20. Rxd4 Qc5 21. Rd2 Qb6 22. Qa3 Rxg2 23. Bf4 Ke8 24. Bg3 Be4 25. Re1 a5 26. c3 Rxg3 27. hxg3 Bf5 28. Qd6 Qc7 29. Qc5 f6 30. Rd4 Kf7 31. Rh1 Rb8 32. g4 Bg6 33. Rd2 Rb5 34. Qe3 a4 35. Re2 e5 36. f4 exf4 37. Qe8+ Kg7 38. Re7+ 1-0

[Event "Dortmund Sparkassen op-B"]
[Site "Dortmund"]
[Date "2011.07.24"]
[Round "2"]
[White "Ropers, Klaus"]
[Black "Milonas, Georgios"]
[Result "0-1"]
[WhiteElo "1872"]
[BlackElo "1679"]
[PlyCount "36"]
[EventDate "2011.07.23"]
[EventType "swiss"]
[EventRounds "9"]
[EventCountry "GER"]
[SourceTitle "EXT 2013"]
[Source "ChessBase"]
[SourceDate "2012.11.22"]
[SourceVersion "1"]
[SourceVersionDate "2012.11.22"]
[SourceQuality "1"]

1. d4 Nf6 2. Nf3 d5 3. c4 e6 4. g3 Be7 5. Bg2 0-0 6. 0-0 dxc4 7. Ne5 Nc6 8. Nxc6 bxc6 9. Bxc6 Rb8 10. e3 Qd6 11. Bg2 c5 12. Nd2 Ba6 13. dxc5 Qxc5 14. Re1 c3 15. bxc3 Qxc3 16. Rb1 Rxb1 17. Nxb1 Qa5 18. Qb3 Qxe1+ 0-1

[Event "Dortmund Sparkassen op-B"]
[Site "Dortmund"]
[Date "2010.07.21"]
[Round "5"]
[White "Milonas, Georgios"]
[Black "Truemper, Michael"]
[Result "1-0"]
[WhiteElo "1679"]
[BlackElo "1411"]
[PlyCount "69"]
[EventDate "2010.07.17"]
[EventType "swiss"]
[EventRounds "9"]
[EventCountry "GER"]
[SourceTitle "EXT 2014"]
[Source "ChessBase"]
[SourceDate "2013.11.20"]
[SourceVersion "1"]
[SourceVersionDate "2013.11.20"]
[SourceQuality "1"]

1. e4 d5 2. exd5 Qxd5 3. Nc3 Qa5 4. d4 Nf6 5. Nf3 Bf5 6. Bc4 e6 7. Bd2 c6 8. Qe2 Bb4 9. 0-0-0 0-0 10. Nh4 Nbd7 11. f3 h6 12. Nxf5 Qxf5 13. g4 Qa5 14. h4 b5 15. Bb3 Bxc3 16. Bxc3 b4 17. Bd2 Nd5 18. g5 Qb5 19. Qg2 a5 20. gxh6 g6 21. h5 Kh7 22. hxg6+ fxg6 23. Rhg1 Rg8 24. Rde1 Nf8 25. Bxd5 Qxd5 26. Kb1 Qxd4 27. Be3 Qd5 28. Qh2 a4 29. Qc7+ Qd7 30. Qxd7+ Nxd7 31. Bg5 Rge8 32. Rd1 Ne5 33. f4 Nf3 34. Rd7+ Kg8 35. h7+ 1-0

[Event "Dortmund Sparkassen op-B"]
[Site "Dortmund"]
[Date "2010.07.20"]
[Round "4"]
[White "Raabe, Hans Ulrich"]
[Black "Milonas, Georgios"]
[Result "0-1"]
[WhiteElo "1419"]
[BlackElo "1679"]
[PlyCount "52"]
[EventDate "2010.07.17"]
[EventType "swiss"]
[EventRounds "9"]
[EventCountry "GER"]
[SourceTitle "EXT 2014"]
[Source "ChessBase"]
[SourceDate "2013.11.20"]
[SourceVersion "1"]
[SourceVersionDate "2013.11.20"]
[SourceQuality "1"]

1. e4 c5 2. Nf3 e6 3. d4 cxd4 4. Nxd4 Nf6 5. Nc3 Nc6 6. Ndb5 d6 7. Be2 a6 8. Nd4 Nxd4 9. Qxd4 e5 10. Qd3 Be7 11. 0-0 0-0 12. Bg5 Be6 13. Rad1 h6 14. Bxf6 gxf6 15. Qe3 Kh7 16. f4 Qc7 17. f5 d5 18. Rf3 Bc5 19. Qxc5 Qxc5+ 20. Kh1 d4 21. Na4 Qxc2 22. fxe6 fxe6 23. Nb6 Qxe2 24. Rdf1 Rad8 25. R3f2 Qxe4 26. Na8 Rxa8 0-1

[Event "Dortmund Sparkassen op-B"]
[Site "Dortmund"]
[Date "2010.07.19"]
[Round "3"]
[White "Milonas, Georgios"]
[Black "Lust, Nikolaus"]
[Result "0-1"]
[WhiteElo "1679"]
[BlackElo "1121"]
[PlyCount "64"]
[EventDate "2010.07.17"]
[EventType "swiss"]
[EventRounds "9"]
[EventCountry "GER"]
[SourceTitle "EXT 2014"]
[Source "ChessBase"]
[SourceDate "2013.11.20"]
[SourceVersion "1"]
[SourceVersionDate "2013.11.20"]
[SourceQuality "1"]

1. e4 c6 2. d4 d5 3. Nc3 e6 4. Nf3 Nd7 5. a3 c5 6. exd5 exd5 7. Qe2+ Ne7 8. Nxd5 cxd4 9. Nxe7 Bxe7 10. Nxd4 0-0 11. Be3 Re8 12. 0-0-0 Qa5 13. Qb5 Qc7 14. Bd3 b6 15. Be4 a6 16. Qh5 Nf6 17. Qh4 Bb7 18. Bxb7 Qxb7 19. Nf5 Kh8 20. Nxe7 Rxe7 21. Bg5 Re4 22. Qh3 Qc6 23. Bxf6 Qxf6 24. Qd3 Qe7 25. Rd2 h6 26. Rhd1 b5 27. Qf3 Re8 28. Kb1 Re1 29. Rd7 Qxd7 30. Rxe1 Rxe1+ 31. Ka2 Qe6+ 32. b3 Qe5 0-1

[Event "Dortmund Sparkassen op-B"]
[Site "Dortmund"]
[Date "2010.07.17"]
[Round "1"]
[White "Milonas, Georgios"]
[Black "Gawronski, Erik"]
[Result "1/2-1/2"]
[WhiteElo "1679"]
[BlackElo "1173"]
[PlyCount "44"]
[EventDate "2010.07.17"]
[EventType "swiss"]
[EventRounds "9"]
[EventCountry "GER"]
[SourceTitle "EXT 2014"]
[Source "ChessBase"]
[SourceDate "2013.11.20"]
[SourceVersion "1"]
[SourceVersionDate "2013.11.20"]
[SourceQuality "1"]

1. e4 e5 2. Nf3 Nc6 3. Bb5 Bc5 4. 0-0 d6 5. h3 Nf6 6. Re1 Bd7 7. c3 a6 8. Ba4 b5 9. Bc2 0-0 10. d4 Bb6 11. Bg5 h6 12. Bh4 Re8 13. d5 Na5 14. b3 Qe7 15. Nbd2 c6 16. c4 Rac8 17. Bd3 Nb7 18. b4 bxc4 19. Bxc4 cxd5 20. Bxd5 Bc6 21. Bb3 Red8 22. Nc4 Ba7 1/2-1/2

[Event "Dortmund op-B"]
[Site "Dortmund"]
[Date "2007.06.28"]
[Round "6"]
[White "Gegner, Michael"]
[Black "Milonas, Georgios"]
[Result "1-0"]
[WhiteElo "1510"]
[BlackElo "1295"]
[PlyCount "75"]
[EventDate "2007.06.22"]
[EventType "swiss"]
[EventRounds "9"]
[EventCountry "GER"]
[SourceTitle "EXT 2008"]
[Source "ChessBase"]
[SourceDate "2007.11.25"]
[SourceVersion "1"]
[SourceVersionDate "2007.11.25"]
[SourceQuality "1"]

1. d4 Nf6 2. Nc3 g6 3. e4 d6 4. f4 Bg7 5. Nf3 0-0 6. e5 Ne8 7. Ne4 dxe5 8. fxe5 f6 9. Bc4+ Kh8 10. 0-0 e6 11. exf6 Nxf6 12. Neg5 Nd5 13. Qe1 Qe8 14. Qh4 h6 15. Bd2 Kg8 16. Ne4 Kh7 17. Rae1 c6 18. Bxh6 Bxh6 19. Nfg5+ Kg7 20. Rxf8 Qxf8 21. Rf1 Qxf1+ 22. Kxf1 Ne3+ 23. Ke2 Nxc4 24. Qf4 Bxg5 25. Nxg5 Nd7 26. Qf7+ Kh6 27. h4 Kh5 28. g3 Nd6 29. Qf4 e5 30. dxe5 Nxe5 31. Qxe5 Bg4+ 32. Kd3 Nf5 33. Qf4 Rd8+ 34. Kc3 Nd6 35. Ne6 Nb5+ 36. Kb4 a5+ 37. Kxa5 b6+ 38. Kxb6 1-0

[Event "Dortmund op-B"]
[Site "Dortmund"]
[Date "2007.06.27"]
[Round "5"]
[White "Milonas, Georgios"]
[Black "Rohovoy, Dimitrij"]
[Result "0-1"]
[WhiteElo "1295"]
[BlackElo "1520"]
[PlyCount "62"]
[EventDate "2007.06.22"]
[EventType "swiss"]
[EventRounds "9"]
[EventCountry "GER"]
[SourceTitle "EXT 2008"]
[Source "ChessBase"]
[SourceDate "2007.11.25"]
[SourceVersion "1"]
[SourceVersionDate "2007.11.25"]
[SourceQuality "1"]

1. e4 c5 2. Nf3 a6 3. d4 cxd4 4. Nxd4 d6 5. Nc3 Nc6 6. Be3 Nf6 7. f3 e6 8. Qd2 Be7 9. Be2 Rb8 10. g4 0-0 11. 0-0-0 Nxd4 12. Qxd4 b5 13. h4 b4 14. Nb1 e5 15. Qd2 Be6 16. b3 Qa5 17. a4 Qc7 18. Bxa6 Bxb3 19. Bb5 Ra8 20. g5 Nh5 21. Rh2 Bxa4 22. Qxb4 Bxb5 23. Qxb5 Rfb8 24. Qd3 Ra1 25. c3 Qb7 26. Kd2 Rxb1 27. Rxb1 Qxb1 28. Qxb1 Rxb1 29. Kd3 Nf4+ 30. Kc2 Rb7 31. Rh1 f6 0-1

[Event "Dortmund1"]
[Site "Dortmund"]
[Date "2006.10.05"]
[Round "1.1"]
[White "Baier, Joerg"]
[Black "Milonas, Georgios"]
[Result "1/2-1/2"]
[WhiteElo "1400"]
[BlackElo "1367"]
[PlyCount "66"]
[EventDate "2006.10.15"]
[EventType "swiss"]
[EventRounds "9"]
[EventCountry "GER"]
[SourceTitle "EXT 2007"]
[Source "ChessBase"]
[SourceDate "2006.11.23"]
[SourceVersion "1"]
[SourceVersionDate "2006.11.23"]
[SourceQuality "1"]

1. d4 Nf6 2. c4 d6 3. Nc3 g6 4. Nf3 Bg7 5. g3 0-0 6. Bg2 Nc6 7. 0-0 Ne8 8. d5 Nb8 9. e4 e5 10. Nd2 f5 11. f4 exf4 12. Rxf4 Bh6 13. Rf1 Bg7 14. Nf3 h6 15. exf5 Bxf5 16. Nd4 Nd7 17. Ne6 Bxe6 18. dxe6 Nc5 19. Bd5 Kh7 20. Rf7 Rxf7 21. exf7 Nf6 22. Qf3 Nxd5 23. Nxd5 c6 24. Nc3 Qf6 25. Qxf6 Bxf6 26. Bf4 Be5 27. Bxe5 dxe5 28. Re1 Nd3 29. Re3 Nxb2 30. Rxe5 Rf8 31. Re7 Kg7 32. Rxb7 Nxc4 33. Rxa7 Rxf7 1/2-1/2

[Event "Dortmund-ch"]
[Site "Dortmund"]
[Date "2004.03.19"]
[Round "9"]
[White "Scholtyssek, Norbert"]
[Black "Milonas, Georgios"]
[Result "1-0"]
[WhiteElo "1608"]
[BlackElo "1346"]
[PlyCount "93"]
[EventDate "2004.03.01"]
[EventType "swiss"]
[EventRounds "9"]
[EventCountry "GER"]
[SourceTitle "EXT 2006"]
[Source "ChessBase"]
[SourceDate "2005.11.24"]
[SourceVersion "1"]
[SourceVersionDate "2005.11.24"]
[SourceQuality "1"]

1. b3 Nf6 2. Bb2 e6 3. f4 c5 4. Nf3 Nc6 5. e3 Be7 6. Bb5 0-0 7. Bxc6 bxc6 8. 0-0 Ba6 9. d3 Ng4 10. Qe1 Bf6 11. Nc3 d5 12. h3 Nh6 13. Ne5 Rc8 14. Na4 Bxe5 15. fxe5 c4 16. Ba3 Re8 17. Nc5 Qb6 18. Nxa6 Qxa6 19. Bd6 cxd3 20. c3 Nf5 21. Bc5 Rc7 22. g4 Nh6 23. Rf4 Qa5 24. Bd6 Rb7 25. Ra4 Qd8 26. Rd1 Kh8 27. Qf1 Qh4 28. Kg2 Qd8 29. Qxd3 Ng8 30. Rf1 Nh6 31. Raf4 Kg8 32. Kg3 Qa5 33. Qe2 Qxc3 34. Kf3 c5 35. Qa6 Rd7 36. Qc6 Red8 37. Bc7 d4 38. Re4 d3 39. Bxd8 Rxd8 40. Qc7 Rf8 41. Qd6 f5 42. Qxe6+ Kh8 43. Rf4 d2 44. g5 Ng8 45. Rc4 Ne7 46. Qd6 d1Q+ 47. Rxd1 1-0

[Event "Dortmund7"]
[Site "Dortmund"]
[Date "2003.11.29"]
[Round "13"]
[White "Guelicher, Michael"]
[Black "Milonas, Georgios"]
[Result "1-0"]
[WhiteElo "1497"]
[BlackElo "1351"]
[PlyCount "47"]
[EventDate "2003.10.01"]
[EventType "tourn"]
[EventRounds "13"]
[EventCountry "GER"]
[SourceTitle "EXT 2007"]
[Source "ChessBase"]
[SourceDate "2006.11.23"]
[SourceVersion "1"]
[SourceVersionDate "2006.11.23"]
[SourceQuality "1"]

1. e4 d5 2. exd5 Nf6 3. Nf3 Nxd5 4. d4 Nc6 5. c4 Ndb4 6. a3 Na6 7. d5 Ncb8 8. Nc3 Bg4 9. Be2 c6 10. 0-0 cxd5 11. cxd5 h5 12. Bb5+ Nd7 13. h3 Bxf3 14. Qxf3 Nc7 15. Re1 Nxb5 16. Nxb5 Qb6 17. Nc3 a6 18. b4 g6 19. Bg5 f6 20. Be3 Qc7 21. Rac1 Ne5 22. Qe4 f5 23. Qd4 Nf7 24. Nb5 1-0

[Event "Dortmund7"]
[Site "Dortmund"]
[Date "2003.11.14"]
[Round "9"]
[White "Nettbohl, Werner"]
[Black "Milonas, Georgios"]
[Result "1-0"]
[WhiteElo "1530"]
[BlackElo "1351"]
[PlyCount "33"]
[EventDate "2003.10.01"]
[EventType "tourn"]
[EventRounds "13"]
[EventCountry "GER"]
[SourceTitle "EXT 2007"]
[Source "ChessBase"]
[SourceDate "2006.11.23"]
[SourceVersion "1"]
[SourceVersionDate "2006.11.23"]
[SourceQuality "1"]

1. e4 c5 2. b3 Nf6 3. e5 Nd5 4. Bb2 d6 5. Qf3 dxe5 6. Bc4 e6 7. Bxe5 Nc6 8. Bb2 Ndb4 9. Qd1 Nd4 10. Na3 Nd5 11. Nf3 Nf4 12. 0-0 Nxf3+ 13. Qxf3 Qg5 14. Bb5+ Kd8 15. Nc4 a6 16. Ne5 axb5 17. Nxf7+ 1-0

[Event "Dortmund7"]
[Site "Dortmund"]
[Date "2003.10.10"]
[Round "2"]
[White "Werninghaus, Klaus Peter"]
[Black "Milonas, Georgios"]
[Result "0-1"]
[WhiteElo "1486"]
[BlackElo "1309"]
[PlyCount "82"]
[EventDate "2003.10.01"]
[EventType "tourn"]
[EventRounds "13"]
[EventCountry "GER"]
[SourceTitle "EXT 2007"]
[Source "ChessBase"]
[SourceDate "2006.11.23"]
[SourceVersion "1"]
[SourceVersionDate "2006.11.23"]
[SourceQuality "1"]

1. c4 g6 2. g3 Bg7 3. Bg2 d6 4. Nf3 Nf6 5. d3 0-0 6. 0-0 e5 7. Nc3 Nc6 8. Rb1 Re8 9. a3 a6 10. b4 Rb8 11. Qc2 Bf5 12. e4 Be6 13. Bb2 Qd7 14. Nd5 Na7 15. d4 Nxd5 16. cxd5 Bh3 17. dxe5 Bxg2 18. Kxg2 dxe5 19. Rfd1 Rbd8 20. Rd3 Nb5 21. a4 Nd6 22. Rc3 Rc8 23. Bc1 f6 24. Be3 b6 25. Nd2 Re7 26. Rc1 b5 27. a5 f5 28. f3 f4 29. Bc5 fxg3 30. hxg3 Rf7 31. Bxd6 Qxd6 32. Rc6 Qxb4 33. d6 Bh6 34. Rxc7 Rfxc7 35. dxc7 Qxd2+ 36. Qxd2 Bxd2 37. Rc6 Bxa5 38. Rxa6 Bxc7 39. Rc6 b4 40. Rc5 b3 41. Rb5 Rb8 0-1

[Event "Dortmund op-B"]
[Site "Dortmund"]
[Date "2003.08.09"]
[Round "8"]
[White "Milonas, Georgios"]
[Black "Volk, Christian"]
[Result "1-0"]
[WhiteElo "1247"]
[BlackElo "1576"]
[PlyCount "84"]
[EventDate "2003.08.01"]
[EventType "swiss"]
[EventRounds "9"]
[EventCountry "GER"]
[SourceTitle "CBM 095 Extra"]
[Source "ChessBase"]
[SourceDate "2003.09.04"]
[SourceVersion "1"]
[SourceVersionDate "2003.09.04"]
[SourceQuality "1"]

1. d4 Nf6 2. Nc3 d5 3. Bf4 c6 4. e3 Bg4 5. Nf3 e6 6. h3 Bh5 7. g4 Bg6 8. Ne5 Bb4 9. Nxg6 hxg6 10. a3 Bxc3+ 11. bxc3 Qa5 12. Bg2 Qxc3+ 13. Ke2 Nbd7 14. Qd3 Qxd3+ 15. Kxd3 c5 16. c4 cxd4 17. exd4 dxc4+ 18. Kxc4 Nb6+ 19. Kd3 Nbd5 20. Be5 Rc8 21. Rac1 Kd7 22. Bf3 g5 23. Rc5 Rxc5 24. dxc5 Rc8 25. Kd4 b6 26. Rc1 bxc5+ 27. Rxc5 Rxc5 28. Kxc5 Nf4 29. Bxf4 gxf4 30. Kd4 Kd6 31. g5 e5+ 32. Kc4 Nd7 33. h4 g6 34. h5 gxh5 35. Bxh5 Ke6 36. Bg4+ Ke7 37. Bxd7 Kxd7 38. Kd5 e4 39. Kxe4 f3 40. Kxf3 Ke6 41. Ke4 f6 42. gxf6 Kxf6 1-0